000 00768nam a2200241Ia 4500
003 OSt
005 20220923223630.0
006 a|||||r|||| 00| 0
007 ta
008 220922b |||||||| |||| 00| 0 hin d
024 _a219,183
037 _cTextual
040 _aARTS
_cARTS
_bhin
041 _2hin
_ahin
082 _aO152,1:gN9, P2
100 _aपाण्डेय, रतन कुमार
245 0 _aसमकालीन कवि
_b दृष्टि और बोध
246 _aSamakālīn kavi: dṛuṣhṭi aur bodha
260 _aदिल्ली
_b अनंग
_c2002
300 _a166i`
_ccm.
942 _hO152,1:gN9, P2
_cTEXL
_2CC
999 _c366503
_d366503